000
00202nmm a2200085Ia 4500
008
150209s2015||||xx |||||||||||||||||und||
100
_a
VINOD K PAUL
245
_a
GHAI ESSENTIALS PEDIATRICS
942
_2
ddc
_c
CD
999
_c
6024
_d
6024